Análisis estructural del efecto del cargado escalonado sobre un edificio de concreto reforzado
में बचाया:
| मुख्य लेखक: | |
|---|---|
| स्वरूप: | पुस्तक |
| प्रकाशित: |
[San José, Costa Rica]
2004
|
| विषय: | |
| टैग: |
टैग जोड़ें
कोई टैग नहीं, इस रिकॉर्ड को टैग करने वाले पहले व्यक्ति बनें!
|
MARC
| LEADER | 00000nam a2200000Ia 4500 | ||
|---|---|---|---|
| 003 | 009381 | ||
| 005 | 20221231144136.0 | ||
| 008 | 140114s2004 cr a m 000 ||s d | ||
| 040 | |c cru CEDI | ||
| 090 | |a TFG 4920 | ||
| 100 | |a Lobo Aguilar, Sergio |9 6362 | ||
| 245 | |a Análisis estructural del efecto del cargado escalonado sobre un edificio de concreto reforzado | ||
| 260 | |c 2004 |a [San José, Costa Rica] | ||
| 300 | |a 92, [29] hojas : ilustraciones (algunas a color) | ||
| 500 | |a Proyecto de graduación (licenciatura en ingeniería civil)--Universidad de Costa Rica. Faculta de Ingeniería. Escuela de Ingeniería Civil | ||
| 650 | |x ANALISIS ESTRUCTURAL (INGENIERIA) |x ESTRUCTURAS DE HORMIGON ARMADO |x DISEÑO DE ESTRUCTURAS |9 5528 | ||
| 942 | |c TFG | ||
| 999 | |c 17499 |d 17499 | ||
